000 00891nam a2200265 a 4500
003 OSt
005 20250527171342.0
008
020 _a9780340816660 (paperback)
040 _cNUST
_aNUST
_beng
_dNUST
_erda
050 _aRG526 OBS
245 0 0 _aObstetrics by ten teachers/
_cedited by Philip N. Baker
250 _aEighteenth edition
260 _aLondon :
_b Hodder Arnold ,
_c2006.
300 _axii, 340 pages :
_bcoloured illustrations ;
_c25 cm.
336 _2rdacontent
_atext
_btxt
337 _2rdamedia
_aunmediated
_bn
338 _2rdacarrier
_avolume
_bnc
504 _aIncludes bibliographical references.
650 _aGynaecology-obstetrics
650 0 _aGynaecology.
650 _aObstetrics.
907 _a.b10354499
_b26-01-17
_c29-01-15
942 _cBOOKS
_kRG123
_mOBS
_2lcc
_eEighteenth Edition
_hRG123OBS
_n0
_01
999 _c118219
_d118219